I Love You So - The Walters - Statistics

General Stats
  • This quiz has been taken 38 times
  • The average score is 130 of 167
Answer Stats
Hint Answer % Correct
Verse 1 I
100%
love
100%
so
97%
you
97%
a
94%
go
94%
let
94%
me
94%
and
90%
in
90%
my
90%
please
90%
i'm
87%
Verse 2 I'm
87%
when
87%
but
84%
Chorus But
84%
feel
84%
leave
84%
that
84%
this
84%
behind
77%
i've
77%
know
77%
mind
77%
up
77%
gonna
74%
hope
74%
made
74%
pack
74%
soul
74%
the
74%
things
74%
to
74%
what
74%
'cause
71%
felt
71%
old
71%
your
71%
all
68%
you're
68%
feeling's
65%
fool
65%
shattered
65%
with
65%
give
61%
her
61%
it
61%
life
61%
were
61%
can't
58%
got
58%
just
58%
need
58%
are
55%
cruel
55%
get
55%
lovers
55%
one
55%
someone
55%
structure
55%
over
52%
speak
52%
time
52%
actions
48%
deal
48%
everything
48%
it's
48%
louder
48%
saying
48%
want
48%
without
48%
away
42%
handle
42%
selfish
42%
ways
42%
spend
39%
another
35%
down
35%
giving
35%
i'd
35%
ooh
32%
tbat
0%
No matching quizzes found
Score Distribution
Percent of People with Each Score
Percentile by Number Answered
Your Score History
You have not taken this quiz